[Event "FRA-chTW Top 12 2019"]
[Site "Vandoeuvre"]
[Date "2019.05.03"]
[Round "2.10"]
[White "Belluire, Beatrice"]
[Black "Frisk, Ellinor"]
[Result "1/2-1/2"]
[WhiteElo "1913"]
[BlackElo "2262"]
[Annotator "NA"]
[PlyCount "68"]
[EventDate "2019.05.02"]
[EventType "team-tourn"]
[EventCountry "FRA"]
[SourceTitle "playchess.com"]
[Source "ChessBase"]
[SourceQuality "1"]
[TimeControl "40/5400+30:1800+30"]

1. e4 {[%emt 0:00:00]} c5 {[%emt 0:03:18]} 2. Nf3 {[%emt 0:00:00]} g6 {[%emt 0:00:04]} 3. d4 {[%emt 0:00:00]} cxd4 {[%emt 0:00:02]} 4. Qxd4 {[%emt 0:00:00]} Nf6 {[%emt 0:00:07]} 5. e5 {[%emt 0:00:03]} Nc6 {[%emt 0:00:09]} 6. Qa4 {[%emt 0:00:12]} Nd5 {[%emt 0:00:15]} 7. Qe4 {[%emt 0:00:05]} Nc7 {[%emt 0:00:07]} 8. Bc4 {[%emt 0:01:47]} Bg7 {[%emt 0:03:00]} 9. Nc3 {[%emt 0:04:42]} b5 {[%emt 0:02:24]} 10. Bb3 {[%emt 0:05:46]} O-O {[%emt 0:03:01]} 11. Bf4 {[%emt 0:02:47]} Bb7 {[%emt 0:05:09]} 12. h4 {[%emt 0:11:35]} Na5 {[%emt 0:06:24]} 13. Qd3 {[%emt 0:05:15]} Nxb3 {[%emt 0:02:45]} 14. axb3 {[%emt 0:02:33]} Ne6 {[%emt 0:00:18]} 15. Bg3 {[%emt 0:00:57]} b4 {[%emt 0:07:45]} 16. Ne4 {[%emt 0:06:40]} d6 {[%emt 0:21:16]} 17. exd6 {[%emt 0:10:24]} Bxb2 {[%emt 0:08:50]} 18. Rd1 {[%emt 0:00:36]} Bxe4 {[%emt 0:06:49]} 19. Qxe4 {[%emt 0:00:12]} Bc3+ {[%emt 0:00:04]} 20. Kf1 {[%emt 0:04:00]} exd6 {[%emt 0:00:47]} 21. Rxd6 {[%emt 0:01:32]} Qe7 {[%emt 0:07:14]} 22. Kg1 {[%emt 0:17:01]} Rad8 {[%emt 0:04:33]} 23. Rxd8 {[%emt 0:04:11]} Rxd8 {[%emt 0:00:00]} 24. h5 {[%emt 0:02:28]} Rd1+ {[%emt 0:05:05]} 25. Kh2 {[%emt 0:00:06]} Rxh1+ {[%emt 0:00:18]} 26. Kxh1 {[%emt 0:00:01]} Qc5 {[%emt 0:02:40]} 27. hxg6 {[%emt 0:02:04]} hxg6 {[%emt 0:00:07]} 28. Ne5 {[%emt 0:06:25]} Qd4 {[%emt 0:00:33]} 29. Qf3 {[%emt 0:02:59]} Ng5 {[%emt 0:02:10]} 30. Qf6 {[%emt 0:01:22]} Qd1+ {[%emt 0:02:31]} 31. Kh2 {[%emt 0:00:01]} Qh5+ {[%emt 0:00:51]} 32. Kg1 {[%emt 0:00:01]} Qd1+ {[%emt 0:01:13]} 33. Kh2 {[%emt 0:00:01]} Qh5+ {[%emt 0:01:29]} 34. Kg1 {[%emt 0:00:00]} Qd1+ {[%emt 0:05:42]} 1/2-1/2

[Event "FRA-chTW Top 12 2019"]
[Site "Vandoeuvre"]
[Date "2019.05.03"]
[Round "2.11"]
[White "Richard, Emma"]
[Black "Nicolas, Gabrielle"]
[Result "1-0"]
[WhiteElo "2120"]
[BlackElo "1733"]
[Annotator "NA"]
[PlyCount "129"]
[EventDate "2019.05.02"]
[EventType "team-tourn"]
[EventCountry "FRA"]
[SourceTitle "playchess.com"]
[Source "ChessBase"]
[SourceQuality "1"]
[TimeControl "40/5400+30:1800+30"]

1. e4 {[%emt 0:02:05]} e6 {[%emt 0:00:00]} 2. d4 {[%emt 0:00:08]} d5 {[%emt 0:00:17]} 3. Nd2 {[%emt 0:00:06]} Nf6 {[%emt 0:00:45]} 4. e5 {[%emt 0:00:08]} Nfd7 {[%emt 0:00:26]} 5. f4 {[%emt 0:00:19]} c5 {[%emt 0:02:23]} 6. Ngf3 {[%emt 0:00:08]} Nc6 {[%emt 0:02:50]} 7. Nb3 {[%emt 0:00:18]} Be7 {[%emt 0:02:43]} 8. dxc5 {[%emt 0:00:55]} Nxc5 {[%emt 0:01:07]} 9. Be3 {[%emt 0:00:16]} b6 {[%emt 0:03:31]} 10. Bb5 {[%emt 0:18:00]} Bd7 {[%emt 0:06:50]} 11. Bxc6 {[%emt 0:06:45]} Bxc6 {[%emt 0:00:12]} 12. Nbd4 {[%emt 0:02:06]} Rc8 {[%emt 0:09:12]} 13. O-O {[%emt 0:01:02]} Qd7 {[%emt 0:12:12]} 14. Nxc6 {[%emt 0:03:16]} Qxc6 {[%emt 0:03:01]} 15. f5 {[%emt 0:02:35]} Qc7 {[%emt 0:11:30]} 16. fxe6 {[%emt 0:34:22]} fxe6 {[%emt 0:02:20]} 17. Nd4 {[%emt 0:10:07]} Qxe5 {[%emt 0:09:56]} 18. Qe2 {[%emt 0:01:17]} Bf6 {[%emt 0:05:39]} 19. Qb5+ {[%emt 0:01:21]} Nd7 {[%emt 0:02:50]} 20. Rae1 {[%emt 0:01:00]} Qd6 {[%emt 0:03:19]} 21. Nxe6 {[%emt 0:03:23]} Kf7 {[%emt 0:08:57]} 22. Ng5+ {[%emt 0:02:36]} Kg8 {[%emt 0:00:22]} 23. Qa4 {[%emt 0:01:48]} h6 {[%emt 0:02:35]} 24. Nf3 {[%emt 0:00:45]} Kh7 {[%emt 0:01:11]} 25. c3 {[%emt 0:00:19]} Nc5 {[%emt 0:02:55]} 26. Qg4 {[%emt 0:01:22]} Rhf8 {[%emt 0:02:27]} 27. Bf4 {[%emt 0:04:05]} Qd8 {[%emt 0:01:58]} 28. Ne5 {[%emt 0:00:57]} Bxe5 {[%emt 0:00:30]} 29. Bxe5 {[%emt 0:00:05]} Qd7 {[%emt 0:00:32]} 30. Qxd7 {[%emt 0:01:50]} Nxd7 {[%emt 0:00:01]} 31. Bd4 {[%emt 0:00:07]} Kg8 {[%emt 0:01:41]} 32. Re7 {[%emt 0:01:08]} Rxf1+ {[%emt 0:00:09]} 33. Kxf1 {[%emt 0:00:01]} Rf8+ {[%emt 0:00:04]} 34. Ke2 {[%emt 0:00:05]} Rf7 {[%emt 0:00:11]} 35. Rxf7 {[%emt 0:01:26]} Kxf7 {[%emt 0:00:02]} 36. Kd3 {[%emt 0:00:14]} g6 {[%emt 0:00:34]} 37. b4 {[%emt 0:00:07]} a6 {[%emt 0:01:28]} 38. a4 {[%emt 0:01:18]} b5 {[%emt 0:00:36]} 39. a5 {[%emt 0:00:42]} Ke6 {[%emt 0:00:57]} 40. Bg7 {[%emt 0:00:25]} h5 {[%emt 0:00:23]} 41. Kd4 {[%emt 0:30:21]} Kd6 {[%emt 0:30:45]} 42. Bh6 {[%emt 0:00:41]} Nf6 {[%emt 0:01:02]} 43. Bf4+ {[%emt 0:00:48]} Ke6 {[%emt 0:00:28]} 44. Bh6 {[%emt 0:00:34]} Kd6 {[%emt 0:00:12]} 45. Bf8+ {[%emt 0:00:10]} Ke6 {[%emt 0:00:14]} 46. Bg7 {[%emt 0:00:40]} Nd7 {[%emt 0:00:31]} 47. Bh6 {[%emt 0:00:27]} Kd6 {[%emt 0:00:40]} 48. Bf4+ {[%emt 0:00:12]} Ke6 {[%emt 0:00:14]} 49. Bc7 {[%emt 0:00:59]} Nf6 {[%emt 0:00:35]} 50. Kc5 {[%emt 0:00:22]} Ne4+ {[%emt 0:00:26]} 51. Kb6 {[%emt 0:00:37]} Nxc3 {[%emt 0:00:31]} 52. Kxa6 {[%emt 0:00:05]} d4 {[%emt 0:00:15]} 53. Kb7 {[%emt 0:00:22]} Nd5 {[%emt 0:00:26]} 54. a6 {[%emt 0:00:04]} d3 {[%emt 0:00:10]} 55. a7 {[%emt 0:00:04]} d2 {[%emt 0:00:16]} 56. a8=Q {[%emt 0:00:04]} d1=Q {[%emt 0:00:14]} 57. Qe8+ {[%emt 0:01:24]} Ne7 {[%emt 0:01:23]} 58. Qxb5 {[%emt 0:00:23]} Qe1 {[%emt 0:00:47]} 59. Qa6+ {[%emt 0:00:39]} Kf7 {[%emt 0:00:25]} 60. Qc4+ {[%emt 0:00:08]} Ke8 {[%emt 0:00:41]} 61. Bd6 {[%emt 0:00:35]} Qf2 {[%emt 0:01:05]} 62. Qe4 {[%emt 0:00:59]} Qf6 {[%emt 0:00:27]} 63. Qxe7+ {[%emt 0:00:14]} Qxe7+ {[%emt 0:00:16]} 64. Bxe7 {[%emt 0:00:04]} Kxe7 {[%emt 0:00:10]} 65. Kc7 {[%emt 0:00:03]} 1-0

[Event "FRA-chTW Top 12 2019"]
[Site "Vandoeuvre"]
[Date "2019.05.03"]
[Round "2.11"]
[White "Moingt, Anne"]
[Black "Leconte, Maria"]
[Result "1/2-1/2"]
[WhiteElo "2042"]
[BlackElo "2246"]
[Annotator "NA"]
[PlyCount "86"]
[EventDate "2019.05.02"]
[EventType "team-tourn"]
[EventCountry "FRA"]
[SourceTitle "playchess.com"]
[Source "ChessBase"]
[SourceQuality "1"]
[TimeControl "40/5400+30:1800+30"]

1. e4 {[%emt 0:00:00]} c5 {[%emt 0:00:00]} 2. Nf3 {[%emt 0:00:00]} d6 {[%emt 0:00:00]} 3. c3 {[%emt 0:01:04]} Nf6 {[%emt 0:00:40]} 4. Bd3 {[%emt 0:02:04]} g6 {[%emt 0:10:52]} 5. h3 {[%emt 0:01:46]} Bg7 {[%emt 0:03:25]} 6. Bc2 {[%emt 0:00:35]} O-O {[%emt 0:00:35]} 7. O-O {[%emt 0:00:14]} Nc6 {[%emt 0:00:32]} 8. a3 {[%emt 0:03:39]} e5 {[%emt 0:08:18]} 9. d4 {[%emt 0:14:16]} Qc7 {[%emt 0:00:32]} 10. dxc5 {[%emt 0:05:55]} dxc5 {[%emt 0:00:14]} 11. Qe2 {[%emt 0:00:25]} Nh5 {[%emt 0:04:40]} 12. Rd1 {[%emt 0:07:16]} b6 {[%emt 0:11:44]} 13. Be3 {[%emt 0:05:05]} Bb7 {[%emt 0:00:28]} 14. a4 {[%emt 0:01:19]} a6 {[%emt 0:08:50]} 15. Na3 {[%emt 0:03:10]} Rad8 {[%emt 0:05:13]} 16. Nc4 {[%emt 0:08:18]} Rfe8 {[%emt 0:07:37]} 17. Rxd8 {[%emt 0:06:47]} Rxd8 {[%emt 0:00:33]} 18. Rd1 {[%emt 0:00:07]} Nf4 {[%emt 0:01:19]} 19. Qf1 {[%emt 0:02:47]} Ne6 {[%emt 0:08:59]} 20. Ng5 {[%emt 0:07:48]} Bc8 {[%emt 0:03:20]} 21. Bb3 {[%emt 0:07:55]} h6 {[%emt 0:02:13]} 22. Nf3 {[%emt 0:01:33]} Nf4 {[%emt 0:05:06]} 23. Rxd8+ {[%emt 0:06:15]} Nxd8 {[%emt 0:01:47]} 24. Qd1 {[%emt 0:00:37]} Be6 {[%emt 0:00:30]} 25. Na3 {[%emt 0:04:02]} Nb7 {[%emt 0:04:21]} 26. Bxe6 {[%emt 0:01:25]} fxe6 {[%emt 0:01:54]} 27. Qb3 {[%emt 0:02:30]} Na5 {[%emt 0:02:00]} 28. Qd1 {[%emt 0:00:36]} c4 {[%emt 0:00:38]} 29. Ne1 {[%emt 0:01:49]} Bf8 {[%emt 0:00:36]} 30. Qg4 {[%emt 0:00:41]} Kf7 {[%emt 0:00:30]} 31. g3 {[%emt 0:00:52]} Nh5 {[%emt 0:00:54]} 32. Nac2 {[%emt 0:00:55]} Nc6 {[%emt 0:00:58]} 33. Ng2 {[%emt 0:00:46]} Nf6 {[%emt 0:00:20]} 34. Qe2 {[%emt 0:00:29]} b5 {[%emt 0:00:50]} 35. axb5 {[%emt 0:00:02]} axb5 {[%emt 0:00:04]} 36. f3 {[%emt 0:00:38]} Na5 {[%emt 0:01:11]} 37. Qd1 {[%emt 0:00:40]} Nb3 {[%emt 0:00:19]} 38. Nge1 {[%emt 0:00:21]} Bc5 {[%emt 0:01:15]} 39. Kf2 {[%emt 0:00:23]} Qd7 {[%emt 0:00:21]} 40. Qxd7+ {[%emt 0:00:34]} Nxd7 {[%emt 0:00:01]} 41. Bxc5 {[%emt 0:30:15]} Ndxc5 {[%emt 0:30:04]} 42. Na3 {[%emt 0:00:10]} Na4 {[%emt 0:01:05]} 43. Nxb5 {[%emt 0:00:06]} Nxb2 {[%emt 0:00:03]} 1/2-1/2

[Event "FRA-chTW Top 12 2019"]
[Site "Vandoeuvre"]
[Date "2019.05.03"]
[Round "2.12"]
[White "Dornbusch, Tatiana"]
[Black "Flear, Christine"]
[Result "1-0"]
[WhiteElo "2285"]
[BlackElo "2037"]
[Annotator "NA"]
[PlyCount "53"]
[EventDate "2019.05.02"]
[EventType "team-tourn"]
[EventCountry "FRA"]
[SourceTitle "playchess.com"]
[Source "ChessBase"]
[SourceQuality "1"]
[TimeControl "40/5400+30:1800+30"]

1. d4 {[%emt 0:00:00]} Nf6 {[%emt 0:00:00]} 2. Nf3 {[%emt 0:00:30]} b6 {[%emt 0:00:04]} 3. g3 {[%emt 0:02:16]} Bb7 {[%emt 0:00:36]} 4. Bg2 {[%emt 0:00:05]} g6 {[%emt 0:01:31]} 5. c4 {[%emt 0:03:17]} Bg7 {[%emt 0:01:29]} 6. O-O {[%emt 0:01:56]} O-O {[%emt 0:00:07]} 7. Nc3 {[%emt 0:01:37]} Ne4 {[%emt 0:01:45]} 8. Bd2 {[%emt 0:01:36]} Nxd2 {[%emt 0:01:19]} 9. Qxd2 {[%emt 0:00:17]} c5 {[%emt 0:00:49]} 10. d5 {[%emt 0:08:49]} d6 {[%emt 0:00:44]} 11. h4 {[%emt 0:15:44]} h5 {[%emt 0:11:14]} 12. Ng5 {[%emt 0:03:09]} Nd7 {[%emt 0:03:58]} 13. f4 {[%emt 0:04:07]} Nf6 $16 {[%emt 0:08:24]} (13... Bc8 $14) 14. f5 {[%emt 0:06:26]} Bc8 {[%emt 0:39:07]} 15. fxg6 {[%emt 0:04:20]} fxg6 {[%emt 0:00:09]} 16. Ne6 {[%emt 0:04:01]} Bxe6 {[%emt 0:00:20]} 17. dxe6 {[%emt 0:00:03]} Ng4 {[%emt 0:07:46]} 18. Nd5 {[%emt 0:13:55]} Bd4+ {[%emt 0:06:12]} 19. e3 {[%emt 0:00:45]} Be5 {[%emt 0:05:36]} 20. Qc2 {[%emt 0:03:11]} Kg7 {[%emt 0:01:36]} 21. Rxf8 {[%emt 0:00:36]} Qxf8 {[%emt 0:00:32]} 22. Rf1 {[%emt 0:00:05]} Nf6 {[%emt 0:00:24]} 23. Be4 {[%emt 0:04:38]} Rb8 {[%emt 0:01:27]} 24. Bxg6 {[%emt 0:00:41]} Kh6 {[%emt 0:02:17]} 25. Qf5 {[%emt 0:02:47]} Rb7 {[%emt 0:04:03]} 26. Nxf6 {[%emt 0:01:46]} Bxf6 {[%emt 0:00:12]} 27. Qxh5+ {[%emt 0:00:04]} 1-0

[Event "FRA-chTW Top 12 2019"]
[Site "Vandoeuvre"]
[Date "2019.05.03"]
[Round "3.1"]
[White "Cramling, Pia"]
[Black "Rapport, Jovana"]
[Result "1/2-1/2"]
[WhiteElo "2454"]
[BlackElo "2362"]
[Annotator "TA"]
[PlyCount "85"]
[EventDate "2019.05.02"]
[EventType "team-tourn"]
[EventCountry "FRA"]
[SourceTitle "playchess.com"]
[Source "ChessBase"]
[SourceQuality "1"]

{[%evp 9,85,15,15,13,18,15,18,18,18,22,23,16,18,0,0,-14,-14,-14,-14,-14,-14,-15,-14,-27,-22,-29,-33,-33,-18,-14,-19,-29,-22,-22,-22,-85,-82,-73,-77,-68,-43,-48,-42,-45,-23,-17,-13,-14,-14,-16,-15,-15,0,-37,-7,-61,-7,-7,-7,-7,-7,-7,-7,-44,-44,-44,-44,-44,-6,-6,-6,-8,-8,-39,-6,-39,0,0]} 1. Nf3 Nf6 2. c4 e6 3. Nc3 Bb4 4. Qc2 d6 5. a3 Bxc3 $1 6. Qxc3 {A17: English Opening: 1...Nf6 with ...Bb4} e5 7. b4 {[%cal Bb2b4,Bb4b5][%mdl 32]} e4 $146 ({Predecessor:} 7... O-O 8. Bb2 a5 9. g3 axb4 10. axb4 Rxa1+ 11. Bxa1 b5 12. d3 bxc4 13. dxc4 {0-1 (45) Iturrizaga Bonelli,E (2653)-Moiseenko,A (2707) Dubai 2014}) 8. Nd4 O-O 9. Bb2 c5 10. Nc2 Nc6 11. f3 Re8 12. b5 Ne5 13. f4 $1 {[%cal Rf4e5]} Ng6 14. g3 Ne7 15. Ne3 a6 16. a4 axb5 17. axb5 Rxa1+ 18. Bxa1 d5 19. cxd5 b6 20. Bg2 Nexd5 21. Nxd5 Qxd5 22. d3 (22. Qe3 $11 {remains equal.}) 22... Bf5 $17 23. O-O h5 24. Rc1 Qe6 25. d4 Rc8 26. e3 {[%cal Rd4c5]} Qe8 {Hoping for ...cxd4.} 27. dxc5 Rxc5 {[%mdl 64] [#] Double Attack} 28. Qd2 {Rxc5 is the strong threat.} Rxc1+ 29. Qxc1 Qxb5 30. Bd4 Qb3 31. Bf1 Be6 32. Be2 ({White should play} 32. Qc7 $11) 32... Qa2 (32... b5 $15) 33. Qb2 $11 Qxb2 34. Bxb2 {[%mdl 4096] Endgame KBB-KBN} Nd5 35. Bd4 g6 36. Bc4 {[#]} Nxf4 $1 {[%mdl 512]} 37. gxf4 {And now Bxe6 would win.} (37. exf4 Bxc4) 37... Bxc4 38. Bxb6 $15 {KB-KB} h4 39. Bd8 h3 40. Bf6 Kf8 41. Kf2 (41. f5 $5) 41... Ke8 42. Kg3 (42. f5 $5) 42... Bf1 43. f5 {Accuracy: White = 53%, Black = 55%.} 1/2-1/2

[Event "FRA-chTW Top 12 2019"]
[Site "Vandoeuvre"]
[Date "2019.05.03"]
[Round "3.1"]
[White "Collas, Silvia"]
[Black "Javakhishvili, Lela"]
[Result "1/2-1/2"]
[WhiteElo "2279"]
[BlackElo "2459"]
[Annotator "ChessBase"]
[PlyCount "49"]
[EventDate "2019.05.02"]
[EventType "team-tourn"]
[EventCountry "FRA"]
[SourceTitle "playchess.com"]
[Source "ChessBase"]
[SourceQuality "1"]
[TimeControl "40/5400+30:1800+30"]

1. d4 {[%emt 0:00:00]} Nf6 {[%emt 0:00:00]} 2. Nf3 {[%emt 0:00:00]} e6 {[%emt 0:00:00]} 3. c4 {[%emt 0:00:19]} b6 {[%emt 0:00:30]} 4. g3 {[%emt 0:00:51]} Ba6 {[%emt 0:01:10]} 5. Qa4 {[%emt 0:00:43]} Bb7 {[%emt 0:00:14]} 6. Bg2 {[%emt 0:00:05]} c5 {[%emt 0:00:10]} 7. dxc5 {[%emt 0:00:06]} bxc5 {[%emt 0:00:12]} 8. O-O {[%emt 0:00:40]} Be7 {[%emt 0:00:50]} 9. Nc3 {[%emt 0:00:29]} O-O {[%emt 0:01:42]} 10. Rd1 {[%emt 0:00:29]} Qb6 {[%emt 0:00:40]} 11. Bf4 {[%emt 0:02:56]} Nc6 {[%emt 0:03:09]} 12. Qb5 {[%emt 0:03:05]} Na5 {[%emt 0:00:50]} 13. Qxb6 {[%emt 0:01:50]} axb6 {[%emt 0:00:15]} 14. b3 {[%emt 0:00:11]} d5 {[%emt 0:01:01]} 15. cxd5 {[%emt 0:04:09]} exd5 {[%emt 0:04:32]} 16. e3 {[%emt 0:02:31]} h6 {[%emt 0:06:36]} 17. Rac1 {[%emt 0:02:35]} Nc6 {[%emt 0:08:15]} 18. h4 {[%emt 0:04:35]} Nb4 {[%emt 0:01:30]} 19. a4 {[%emt 0:05:22]} Rac8 {[%emt 0:13:12]} 20. Nb5 {[%emt 0:02:29]} Ne4 {[%emt 0:02:56]} 21. Ne1 {[%emt 0:05:37]} Na2 {[%emt 0:05:59]} 22. Rc2 {[%emt 0:00:56]} Nb4 {[%emt 0:00:06]} 23. Rcc1 {[%emt 0:00:06]} Na2 {[%emt 0:01:08]} 24. Rc2 {[%emt 0:00:07]} Nb4 {[%emt 0:00:06]} 25. Rcc1 {[%emt 0:00:04]} 1/2-1/2

[Event "FRA-chTW Top 12 2019"]
[Site "Vandoeuvre"]
[Date "2019.05.03"]
[Round "3.2"]
[White "Sebag, Marie"]
[Black "Belluire, Beatrice"]
[Result "1-0"]
[WhiteElo "2476"]
[BlackElo "1913"]
[Annotator "TA"]
[PlyCount "75"]
[EventDate "2019.05.02"]
[EventType "team-tourn"]
[EventCountry "FRA"]
[SourceTitle "playchess.com"]
[Source "ChessBase"]
[SourceQuality "1"]

{[%evp 25,75,0,0,-16,0,0,0,0,0,0,12,0,0,0,0,0,0,0,0,0,0,0,0,0,0,-4,39,33,29,31,119,119,116,125,120,126,141,144,141,136,162,162,154,105,164,132,162,139,318,306,807,783]} 1. e4 e6 2. d4 d5 3. Nd2 c5 4. exd5 Qxd5 5. Ngf3 cxd4 6. Bc4 Qd7 7. O-O Nc6 8. Nb3 Nf6 9. Nbxd4 Nxd4 10. Nxd4 a6 11. c3 Qc7 12. Qe2 Bd6 13. h3 O-O 14. Re1 {[#] C07: French Tarrasch: 3...c5, 4 Ngf3 and 4 exd5 Qxd5} b6 $146 ({Predecessor:} 14... b5 15. Bd3 Bb7 16. Bg5 Nd5 17. Qe4 g6 18. Qh4 e5 19. Nf3 f6 20. Bd2 Nb6 21. Be4 Nc4 22. Bxb7 Qxb7 {0-1 (63) Lane,G (2439)-Rogers,I (2594) Canberra 2005}) 15. Bg5 Bb7 16. Bd3 {[#] Threatens to win with Bxf6.The position is equal.} Nd5 17. Be4 Nf4 18. Bxf4 Bxf4 19. Rad1 Rfd8 20. Rd3 g6 21. Red1 {Nxe6! is the strong threat.} Bg5 22. Qf3 Bxe4 23. Qxe4 Rac8 24. h4 Bf6 25. h5 e5 26. Nc2 Rxd3 27. Rxd3 Qc6 (27... Rd8 $14) 28. Qxc6 $16 Rxc6 {[%mdl 4096] Endgame KRB-KRN} 29. Nb4 Re6 30. hxg6 hxg6 31. Nxa6 e4 32. Rd5 Be5 33. Nb4 f5 34. Rd7 f4 (34... Rd6 $16 35. Rxd6 Bxd6) 35. Nd5 Kf8 36. Kf1 Ke8 $2 {[#]} (36... g5 $16 {was called for.} 37. a3 g4) 37. Rb7 $18 Rd6 $2 (37... Kd8 38. Nxb6 f3) 38. Re7+ {[%mdl 64] Double Attack. Accuracy: White = 69%, Black = 32%.} 1-0

[Event "FRA-chTW Top 12 2019"]
[Site "Vandoeuvre"]
[Date "2019.05.03"]
[Round "3.2"]
[White "Safranska, Anda"]
[Black "Cornette, Deimante"]
[Result "0-1"]
[WhiteElo "2188"]
[BlackElo "2433"]
[Annotator "TA"]
[PlyCount "94"]
[EventDate "2019.05.02"]
[EventType "team-tourn"]
[EventCountry "FRA"]
[SourceTitle "playchess.com"]
[Source "ChessBase"]
[SourceQuality "1"]

{[%evp 17,94,12,8,8,20,8,9,12,36,27,31,25,23,33,66,12,37,29,36,-16,-18,-30,56,58,53,43,56,-108,125,129,87,53,74,-36,-44,-50,-40,-39,-13,-89,-94,-122,-70,-97,-97,-97,-96,-100,-77,-83,-35,-43,-35,-37,-45,-65,-33,-61,0,0,0,0,0,0,0,0,0,-140,-139,-130,-140,-140,-135,-462,-461,-436,-454,-435,-416]} 1. Nf3 d5 2. g3 Nf6 3. Bg2 c5 4. d3 Nc6 5. O-O e6 6. Nbd2 g6 7. e4 Bg7 8. Re1 O-O 9. c3 a5 10. a4 {A08: King's Indian Attack} b6 11. exd5 (11. Nb1 Ba6 12. e5 Nd7 13. Bf4 f6 14. exf6 Qxf6 15. Qd2 e5 16. Bg5 Qxf3 17. Bxf3 Rxf3 {1-0 (34) Amin,B (2661)-Grandelius,N (2641) Baku 2016}) 11... exd5 12. Nb3 {The position is equal.} Bf5 13. d4 c4 14. Nbd2 Rc8 $146 ({Predecessor:} 14... Bd3 15. b3 cxb3 16. Qxb3 Rc8 17. Ba3 Re8 18. Rxe8+ Qxe8 19. Qxb6 {1-0 (41) Mashkov,S (2309)-Konaplev,A (2182) Moscow 2017}) 15. Nf1 Bd3 16. Be3 (16. Bg5 $14) 16... Ne4 17. N3d2 f5 18. f3 (18. Nxe4 $14 dxe4 19. f3) 18... Nd6 $11 19. Nb1 f4 (19... b5 $11) 20. Bxf4 $14 Rxf4 21. gxf4 Qh4 22. Re3 $2 {[#]} (22. Qd2 $1 $14 {keeps the upper hand.}) 22... Re8 $2 (22... Qxf4 $6 23. Qd2 $11) (22... Nxd4 $1 $17 {[%mdl 512] stays on course. Hoping for ...Nc2.} 23. Na3 (23. cxd4 Bxd4) 23... N4f5) 23. Rxe8+ $16 Nxe8 24. Nbd2 Nxd4 25. Qe1 ({Only move:} 25. cxd4 $16 {Black must now prevent Kh1.} Bxd4+ 26. Kh1) 25... Ne2+ $15 {[%mdl 64] Double Attack} 26. Kh1 Qxe1 $1 ({Not} 26... Qxf4 27. Ng3 $16) 27. Rxe1 {White wants to play Ng3.} Kf7 28. Ng3 (28. f5 $11 {keeps the balance.}) 28... Nxf4 $17 29. Bf1 Nd6 (29... Bc2 $17 30. Ne2 Nd3) 30. Bxd3 Nxd3 31. Rb1 Nb7 32. Ne2 {b3 would now be nice for White.} Nbc5 33. b3 Bh6 34. f4 $1 cxb3 ({Of course not} 34... Nxf4 $6 35. Rf1 $14) 35. Nxb3 Nxa4 36. Nbd4 Nab2 37. Kg2 a4 (37... Nc4 $15) 38. Kf3 $11 Nc4 {Threatens to win with ...Nd2+.} 39. Ra1 a3 40. Nb5 Bf8 41. Ned4 Bc5 42. Nc7 (42. Nc2 $11) 42... Bxd4 $1 $17 {[%mdl 64] Overworked Piece} 43. cxd4 Nb4 44. Nb5 a2 {aiming for ...Nd2+.} 45. Ke2 $2 {[%mdl 8192] [#]} (45. Nc3 $17 {nothing else works.} Nd2+ 46. Kg4) 45... Na5 $1 $19 {Black is clearly winning.} 46. Nc3 Nb3 $1 {[%csl LRa1,LRd4][%mdl 64] Double Attack} 47. Nxa2 Nxa2 {Accuracy: White = 41%, Black = 43%.} ({Weaker is} 47... Nxa1 48. Nxb4 Ke6 49. Ke3 $17) 0-1

[Event "FRA-chTW Top 12 2019"]
[Site "Vandoeuvre"]
[Date "2019.05.03"]
[Round "3.3"]
[White "Leconte, Maria"]
[Black "Franc, Nathalie"]
[Result "1-0"]
[WhiteElo "2246"]
[BlackElo "2004"]
[Annotator "NA"]
[PlyCount "51"]
[EventDate "2019.05.02"]
[EventType "team-tourn"]
[EventCountry "FRA"]
[SourceTitle "playchess.com"]
[Source "ChessBase"]
[SourceQuality "1"]
[TimeControl "40/5400+30:1800+30"]

1. e4 {[%emt 0:00:00]} d6 {[%emt 0:00:00]} 2. Nc3 {[%emt 0:00:00]} Nf6 {[%emt 0:01:39]} 3. f4 {[%emt 0:00:09]} e5 {[%emt 0:01:48]} 4. Nf3 {[%emt 0:00:22]} Nbd7 {[%emt 0:00:41]} 5. Bc4 {[%emt 0:01:41]} h6 {[%emt 0:01:03]} 6. d3 {[%emt 0:01:01]} Be7 {[%emt 0:02:21]} 7. a4 {[%emt 0:04:58]} c6 {[%emt 0:02:00]} 8. O-O {[%emt 0:07:19]} Qc7 {[%emt 0:02:26]} 9. a5 {[%emt 0:07:05]} Nf8 {[%emt 0:05:16]} 10. f5 {[%emt 0:02:22]} d5 {[%emt 0:07:58]} 11. Bb3 {[%emt 0:07:29]} dxe4 {[%emt 0:07:04]} 12. dxe4 {[%emt 0:00:17]} Bb4 {[%emt 0:00:39]} 13. Qe2 {[%emt 0:08:28]} Bxa5 {[%emt 0:14:04]} 14. Rxa5 {[%emt 0:15:22]} Qxa5 {[%emt 0:00:17]} 15. Qc4 {[%emt 0:00:17]} Ne6 {[%emt 0:02:42]} 16. fxe6 {[%emt 0:01:34]} Bxe6 {[%emt 0:00:19]} 17. Qe2 {[%emt 0:00:24]} Bxb3 {[%emt 0:02:48]} 18. cxb3 {[%emt 0:00:05]} O-O-O {[%emt 0:02:04]} 19. Be3 {[%emt 0:05:08]} Rhe8 {[%emt 0:07:44]} 20. Nd2 {[%emt 0:00:25]} Kb8 {[%emt 0:05:29]} 21. Nc4 {[%emt 0:00:13]} Qb4 {[%emt 0:03:17]} 22. Ra1 {[%emt 0:03:34]} a6 {[%emt 0:02:12]} 23. h3 {[%emt 0:04:47]} Nd7 {[%emt 0:05:10]} 24. Qf2 {[%emt 0:08:59]} f6 {[%emt 0:06:37]} 25. Na5 {[%emt 0:00:11]} Nf8 {[%emt 0:05:00]} 26. Bc5 {[%emt 0:01:10]} 1-0